• 首页
  • 本馆介绍
  • 公告通知
  • 最新文献
  • 馆藏检索
  • 电子资源
  • 读者导购
  • 参考咨询
  • 我的图书馆
  • 登录
  • 详细信息显示
  • 放入我的书架
  • 预约/预借图书
  • 作者相关作品
  • 分类相关作品
  • 丛书相关作品
  • 出版社相关作品

书目信息

  • 表格格式
  • 工作单格式
  • 卡片格式
题名:
地质学与地貌学教程
    
 
作者: 王数 , 东野光亮 主编
分册:  
出版信息: 北京   中国农业大学出版社  2013.06
页数: 355页
开本: 26cm
丛书名:
单 册:
中图分类: P5 , P931
科图分类:
主题词: 地质学--高等学校--教材 , 地貌学--高等学校--教材 , 地质学 , 地貌学
电子资源:
ISBN: 978-7-5655-0682-6
000 01089nam0 2200325 450
001 012013789802
005 20140609160643.32
010    @a978-7-5655-0682-6@dCNY49.00(含光盘)
100    @a20130829d2013 em y0chiy0110 ea
101 0  @achi
102    @aCN@b110000
105    @aafk z 000yy
106    @ar
200 1  @a地质学与地貌学教程@9di zhi xue yu di mao xue jiao cheng@f王数,东野光亮主编
205    @a2版
210    @a北京@c中国农业大学出版社@d2013.06
215    @a355页@c图,图版(5页)@d26cm@e1光盘
300    @a高等院校资源与环境系列精品课程建设教材 普通高等教育农业部“十二五”规划教材
330    @a本书强调基础理论、基础知识的介绍,同时也注重介绍与人类息息相关的地质环境、地质灾害、地质作用及其结果等内容。
333    @a高校资源与环境类专业师生
606 0  @a地质学@x高等学校@j教材
606 0  @a地貌学@x高等学校@j教材
606 0  @a地质学
606 0  @a地貌学
690    @aP5@v5
690    @aP931@v5
701  0 @a王数@9wang shu@4主编
701  0 @a东野光亮@9dong ye guang liang@4主编
801  0 @aCN@b人天书店@c20130829
905    @b847296-98@dP5@e112=2@f3
    
    地质学与地貌学教程/王数,东野光亮主编.-2版.-北京:中国农业大学出版社,2013.06
    355页:图,图版(5页);26cm+1光盘
    高等院校资源与环境系列精品课程建设教材 普通高等教育农业部“十二五”规划教材.-使用对象:高校资源与环境类专业师生
    
    ISBN 978-7-5655-0682-6:CNY49.00(含光盘)
    本书强调基础理论、基础知识的介绍,同时也注重介绍与人类息息相关的地质环境、地质灾害、地质作用及其结果等内容。
●
相关链接 在E读中查询图书 在五车中查询图书 在当当中查询图书 在豆瓣中查询图书


正题名:地质学与地貌学教程     索取号:P5/112=2         预约/预借

序号 登录号 条形码 馆藏地/架位号 状态 备注
1 847296   208472963   第二样本阅览室/ [索取号:P5/112=2] 在馆    
2 847297   208472972   第三借阅区/ [索取号:P5/112=2] 在馆    
3 847298   208472981   密集书库-资源管理系/ [索取号:P5/112=2] 在馆    
唐山师范学院图书馆 欢迎您!
大连网信软件有限公司© 版权所有